Making geographic information systems work for your business (Record no. 91463)
[ view plain ]
| 000 -LEADER | |
|---|---|
| fixed length control field | 00875cam a2200217 4500 |
| 008 - FIXED-LENGTH DATA ELEMENTS--GENERAL INFORMATION | |
| fixed length control field | 090401t1995 xxu||||| |||| 00| 0 eng d |
| 020 ## - INTERNATIONAL STANDARD BOOK NUMBER | |
| International Standard Book Number | 0113306733 |
| 035 ## - SYSTEM CONTROL NUMBER | |
| System control number | (Sirsi) u44231 |
| 041 ## - LANGUAGE CODE | |
| Language code of text/sound track or separate title | eng |
| 050 ## - LIBRARY OF CONGRESS CALL NUMBER | |
| Classification number | 333.70285 |
| -- | 18 |
| 110 ## - MAIN ENTRY--CORPORATE NAME | |
| Corporate name or jurisdiction name as entry element | CCTA |
| 9 (RLIN) | 1635 |
| 245 ## - TITLE STATEMENT | |
| Title | Making geographic information systems work for your business |
| 260 ## - PUBLICATION, DISTRIBUTION, ETC. | |
| Place of publication, distribution, etc. | London |
| Name of publisher, distributor, etc. | HMSO |
| Date of publication, distribution, etc. | 1995 |
| 300 ## - PHYSICAL DESCRIPTION | |
| Extent | 102p. |
| Dimensions | 26cm. |
| 350 ## - PRICE (NR) (BK AM CF MU VM SE) [OBSOLETE] | |
| Price | 40 |
| 490 ## - SERIES STATEMENT | |
| Series statement | CCTA Information Management Library |
| 520 ## - SUMMARY, ETC. | |
| Summary, etc. | Provides guidance to assist organisations assess the importance of GIS to their business and to ensure that relevant GIS technologies are incorporated in their IT strategy. Also advises on successful GIS procurement and implementation. |
| 690 ## - LOCAL SUBJECT ADDED ENTRY--TOPICAL TERM (OCLC, RLIN) | |
| Topical term or geographic name as entry element | ENVIRONMENTAL AND LAND CONSULTANCY-GEOMATICS-GEOGRAPHIC INFORMATION SCIENCE-GEOGRAPHIC INFORMATION SYSTEMS |
| 942 ## - ADDED ENTRY ELEMENTS (KOHA) | |
| Suppress in OPAC | 0 |
| 948 ## - LOCAL PROCESSING INFORMATION (OCLC); SERIES PART DESIGNATOR (RLIN) | |
| c (OCLC) | 04/03/1997 |
| Withdrawn status | Lost status | Source of classification or shelving scheme | Damaged status | Not for loan | Home library | Current library | Shelving location | Date acquired | Cost, normal purchase price | Total Checkouts | Full call number | Barcode | Date last seen | Copy number | Cost, replacement price | Price effective from | Koha item type |
|---|---|---|---|---|---|---|---|---|---|---|---|---|---|---|---|---|---|
| Dewey Decimal Classification | London | London | Books | 31/07/1995 | 40.00 | 333.70285 CCT | 30046218 | 06/08/2019 | 1 | 40.00 | 06/08/2019 | Book |